000 00524nam a2200193Ia 4500
003 OSt
005 20230403154622.0
008 210423s2009 xx 000 0 und d
040 _cAL
041 _aeng
082 _a659.2
_223
_bREDC
100 _aREDDI (C V).
_982784
245 _aEffective public relations and media stratergy.
260 _aNew Delhi
_bPHI Learning Pvt Ltd
_c2009
300 _axxVII,507
365 _b350
_cINR
906 _aEffective ; media ; public ; relations ; stratergy.
942 _2ddc
_cBK
999 _c156881
_d156881